| 000 | 004900000a22001810004500 | ||
|---|---|---|---|
| 003 | MACL | ||
| 005 | 20160102164509.0 | ||
| 008 | 160102b xxu||||| |||| 00| 0 eng d | ||
| 040 |
_aMACL _cMACL |
||
| 041 | _aEnglish | ||
| 082 | _a658.047/TAI | ||
| 100 |
_aTaimni, K K _926697 |
||
| 245 | _aCooperative Organisation And Mangement | ||
| 260 |
_bW A F M Farmers Welfare Trust Socity _aNew Delhi _c1976 |
||
| 350 | _a45 | ||
| 650 |
_aGeneral management _97116 |
||
| 942 |
_cBK _k658.047/Tai _2ddc |
||
| 999 |
_c34117 _d34117 |
||